000 00656nam a2200277Ia 4500
005 20260324112145.0
008 008 260324s9999 xx 000 0 eng d
020 _a9781003558446
037 _aEBOOK
040 _aCRL
040 _beng
040 _cCRL
041 _2eng
041 _aeng
084 _qCRL
100 _aPurna Bahadur Karki
_91141530
245 0 _aPost-War Instability and Human Security in Nepal
260 _bTaylor and Francis
260 _c2024
365 _a
365 _b165
856 _uhttp://www.taylorfrancis.com/books/9781003558446
942 _cEBOOK
999 _c1730637
_d1730637